000 00249nam a2200109Ia 4500
008 240625s9999 xx 000 0 und d
041 _aeng
082 _a330.01595 GRE
100 _aGREENE WILLIAM H
245 _aECONOMETRIC ANALYSIS
260 _c2000
999 _c33331
_d33331